[Event "VI Open Basso Veronese"]
[Site "Casaleone ITA"]
[Date "2013.05.18"]
[Round "3"]
[White "Rondelli, Roberto"]
[Black "Negro, Raffaele"]
[WhiteElo "1729"]
[BlackElo "1838"]
[Result "0-1"]
[PlyCount "82"]
[EventDate "2013.05.17"]

1. Nf3 b6 2. d4 Bb7 3. Bf4 d6 4. Nbd2 g6 5. e4 Bg7 6. c3 Nd7 7. Qc2 e6 8. Bc4
Ne7 9. O-O h6 10. b4 a6 11. a4 g5 12. Be3 Ng6 13. a5 b5 14. Bd3 e5 15. d5 Nf4
16. c4 Nxd3 17. Qxd3 bxc4 18. Nxc4 O-O 19. Rab1 Qe7 20. Bd2 f5 21. Ne3 fxe4 22.
Qxe4 Nf6 23. Qc4 Qf7 24. Rfc1 Rfc8 25. b5 Bxd5 26. Nxd5 Qxd5 27. Qxd5+ Nxd5 28.
b6 cxb6 29. axb6 Rxc1+ 30. Bxc1 Rb8 31. b7 Nc3 32. Rb2 e4 33. Ne1 Nb5 34. Ra2
Rxb7 35. Rxa6 d5 36. g3 d4 37. Re6 Nc3 38. Bd2 Kf7 39. Rc6 Rb2 40. Bxc3 dxc3
41. Kf1 Bd4 0-1

[Event "VI Open Basso Veronese"]
[Site "Casaleone ITA"]
[Date "2013.05.18"]
[Round "3"]
[White "Zanchetta, Nicola"]
[Black "Sprea, Giuseppe"]
[WhiteElo "1894"]
[BlackElo "1940"]
[Result "1-0"]
[PlyCount "110"]
[EventDate "2013.05.17"]

1. d4 Nf6 2. c4 e6 3. Nc3 Bb4 4. f3 d5 5. Bg5 h6 6. Bh4 c5 7. a3 Bxc3+ 8. bxc3
Qa5 9. Qd2 cxd4 10. Bxf6 gxf6 11. cxd4 Qxd2+ 12. Kxd2 dxc4 13. e3 Rg8 14. g3 b5
15. a4 Ba6 16. axb5 Bxb5 17. Rc1 Nd7 18. Bxc4 Bxc4 19. Rxc4 Rg5 20. Ne2 Rb5 21.
Rhc1 Rb2+ 22. R1c2 Rxc2+ 23. Kxc2 Kd8 24. Nc3 f5 25. Nb5 a6 26. Nd6 Ke7 27. Rc8
Nb6 28. Rxa8 Nxa8 29. Nc4 f6 30. Kb3 Kd7 31. Kb4 Kc6 32. e4 fxe4 33. fxe4 Nb6
34. Na5+ Kc7 35. Nb3 Nd7 36. Ka5 Nb8 37. g4 Kd6 38. Kb6 f5 39. gxf5 Nd7+ 40.
Kxa6 exf5 41. exf5 Nf6 42. Kb6 Kd5 43. Kc7 Ke4 44. Kd6 Kxf5 45. Nc5 h5 46. Nd7
Ng4 47. h3 Nf2 48. h4 Kg4 49. Nf6+ Kxh4 50. Ke6 Kg5 51. d5 h4 52. d6 h3 53. d7
h2 54. Ne4+ Nxe4 55. d8=Q+ Kg4 1-0

[Event "VI Open Basso Veronese"]
[Site "Casaleone ITA"]
[Date "2013.05.18"]
[Round "3"]
[White "Zanin, Luca"]
[Black "Solinas, Roberto"]
[WhiteElo "1655"]
[BlackElo "1706"]
[Result "1/2-1/2"]
[PlyCount "92"]
[EventDate "2013.05.17"]

1. d4 d5 2. Nf3 Nf6 3. e3 c5 4. b3 e6 5. Bb2 Nc6 6. Bd3 Be7 7. O-O O-O 8. Nbd2
Nb4 9. Be2 cxd4 10. exd4 Nc6 11. Bd3 Nb4 12. Be2 a6 13. a3 Nc6 14. Ne5 Qb6 15.
Nxc6 bxc6 16. c4 a5 17. c5 Qc7 18. Qc2 Ba6 19. Rae1 Bxe2 20. Rxe2 Ng4 21. Nf3
Nf6 22. Ne5 Ne4 23. f3 Nf6 24. Bc3 Nd7 25. Nd3 Bf6 26. f4 g6 27. Ne5 Bg7 28.
Nxd7 Qxd7 29. Qd2 Qc7 30. Rb1 Rfb8 31. Qe3 Rb7 32. Reb2 Rb5 33. a4 Rb7 34. b4
axb4 35. Rxb4 Rxb4 36. Rxb4 Rb8 37. a5 Rxb4 38. Bxb4 Qb7 39. Qc3 Bf6 40. Kf2
Bd8 41. Qd2 Qb5 42. Bc3 Bc7 43. g3 Qa4 44. Ke2 Kg7 45. Qd1 Qa2+ 46. Qd2 Qa4
1/2-1/2

[Event "VI Open Basso Veronese"]
[Site "Casaleone ITA"]
[Date "2013.05.19"]
[Round "4"]
[White "Adami, Antonio"]
[Black "Brunelli, Flavio"]
[WhiteElo "1748"]
[BlackElo "1755"]
[Result "1-0"]
[PlyCount "69"]
[EventDate "2013.05.17"]

1. e4 e6 2. d3 d5 3. Nd2 Nf6 4. Ngf3 dxe4 5. dxe4 Bb4 6. c3 Bc5 7. Be2 O-O 8.
O-O Ng4 9. h3 Nxf2 10. Rxf2 Bxf2+ 11. Kxf2 f5 12. Qc2 b6 13. Bc4 Kh8 14. e5 g5
15. Nb3 g4 16. Bg5 Qe8 17. Nfd4 c5 18. Nb5 gxh3 19. Qd3 Qg6 20. Qg3 Ba6 21.
Bf6+ Rxf6 22. exf6 Qxf6 23. Qxh3 Bxb5 24. Bxb5 a6 25. Rh1 Ra7 26. Bd3 Nc6 27.
Qh6 Qf7 28. Re1 Nd8 29. Bc4 Re7 30. Rd1 Nc6 31. Rd6 Ne5 32. Rd8+ Re8 33. Rxe8+
Qxe8 34. Qf6+ Kg8 35. Bxe6+ 1-0

[Event "VI Open Basso Veronese"]
[Site "Casaleone ITA"]
[Date "2013.05.19"]
[Round "4"]
[White "Beltrame, Leonardo"]
[Black "Rondelli, Roberto"]
[WhiteElo "1577"]
[BlackElo "1729"]
[Result "1/2-1/2"]
[PlyCount "63"]
[EventDate "2013.05.17"]

1. e4 e6 2. d4 d5 3. Nd2 Ne7 4. Ngf3 b6 5. c3 Qd7 6. Bd3 Ng6 7. O-O Be7 8. exd5
exd5 9. Re1 O-O 10. Ne5 Nxe5 11. Rxe5 g6 12. Nf3 Bf6 13. Re2 Nc6 14. Bb5 a6 15.
Bxc6 Qxc6 16. Ne5 Bxe5 17. Rxe5 Bd7 18. Qe2 Rfe8 19. Bh6 Re6 20. Rxe6 Qxe6 21.
Qxe6 Bxe6 22. Re1 Re8 23. Kf1 f6 24. Bf4 c6 25. f3 Kf7 26. Bd6 Bd7 27. Rxe8
Bxe8 28. Bc7 b5 29. Ke2 Ke6 30. Bf4 Kf5 31. Be3 h5 32. h3 1/2-1/2

[Event "VI Open Basso Veronese"]
[Site "Casaleone ITA"]
[Date "2013.05.19"]
[Round "4"]
[White "Beltrame, Luca"]
[Black "Zonta, Riccardo"]
[WhiteElo "1458"]
[BlackElo "1635"]
[Result "0-1"]
[PlyCount "103"]
[EventDate "2013.05.17"]

1. d4 d5 2. Nf3 Nf6 3. e3 Bf5 4. c4 e6 5. Nc3 h6 6. a3 c6 7. b4 Nbd7 8. Bb2 Be7
9. Be2 O-O 10. O-O Re8 11. h3 Bf8 12. Re1 Qc7 13. Qd2 Rad8 14. Rac1 Qb8 15. Bf1
dxc4 16. Bxc4 e5 17. e4 Bh7 18. d5 Nb6 19. Bb3 cxd5 20. exd5 e4 21. Nd4 Nbxd5
22. Nxd5 Nxd5 23. Bxd5 Rxd5 24. Qe3 Rdd8 25. f3 Rc8 26. Qd2 exf3 27. Nxf3 Rcd8
28. Rxe8 Rxe8 29. Qd7 Rd8 30. Qc7 Rd1+ 31. Kf2 Qxc7 32. Rxc7 Be4 33. Ke2 Rb1
34. Bd4 Rb3 35. Nd2 Bd3+ 36. Kf2 Rxa3 37. Rxb7 Ra2 38. Be3 Be4 39. Kg3 Bxb7 40.
b5 a6 41. bxa6 Bxa6 42. Ne4 Ra3 43. Kf2 g5 44. Nf6+ Kg7 45. Bd4 Kg6 46. Ng4 Bg7
47. Bc5 Ra2+ 48. Kg1 Bb7 49. Ne3 Be5 50. g4 Bg3 51. Bd4 Bf3 52. Bc3 0-1

[Event "VI Open Basso Veronese"]
[Site "Casaleone ITA"]
[Date "2013.05.19"]
[Round "4"]
[White "Benaddi, Redouane"]
[Black "Leone, Cataldo"]
[WhiteElo "1841"]
[BlackElo "1610"]
[Result "1-0"]
[PlyCount "115"]
[EventDate "2013.05.17"]

1. d4 d5 2. c4 e6 3. Nc3 Nf6 4. Bg5 Be7 5. Nf3 Nc6 6. e3 h6 7. Bh4 b6 8. Rc1
Bb7 9. Bxf6 Bxf6 10. cxd5 exd5 11. Qb3 Ne7 12. Bb5+ c6 13. Bd3 O-O 14. O-O Bc8
15. h3 Bf5 16. Ne2 Rc8 17. Ng3 Bxd3 18. Qxd3 c5 19. Nh5 Ng6 20. b3 Be7 21. Rfd1
Qd6 22. dxc5 bxc5 23. Qxd5 Qa6 24. Qc4 Qxc4 25. Rxc4 a5 26. Ng3 Rfd8 27. Rdc1
Rd7 28. Nf5 Bf8 29. h4 Rdc7 30. h5 Ne7 31. Nd6 Rd8 32. Ne4 Nf5 33. g4 Nd6 34.
Rxc5 Rxc5 35. Nxc5 Rc8 36. Nd3 Rd8 37. Nd4 Be7 38. Rc5 Ra8 39. Nc6 Nc8 40. Rxa5
Rxa5 41. Nxa5 Kf8 42. Nc6 Bf6 43. e4 Bc3 44. b4 Ke8 45. b5 Kd7 46. a4 Nb6 47.
a5 Nc4 48. a6 Nb6 49. f4 f6 50. Kf2 Na8 51. e5 fxe5 52. fxe5 Ke6 53. Ke3 Nb6
54. Ke4 Nc4 55. Nc5+ Kf7 56. Nd7 Ke6 57. Nc5+ Kf7 58. e6+ 1-0

[Event "VI Open Basso Veronese"]
[Site "Casaleone ITA"]
[Date "2013.05.19"]
[Round "4"]
[White "Bertani, Gianfranco"]
[Black "Fongarolli, Diego"]
[WhiteElo "2067"]
[BlackElo "2073"]
[Result "0-1"]
[PlyCount "72"]
[EventDate "2013.05.17"]

1. d4 Nf6 2. e3 g6 3. Bd3 Bg7 4. f4 d5 5. Nf3 c5 6. c3 cxd4 7. exd4 O-O 8. O-O
Nc6 9. Qc2 e6 10. Ne5 Bd7 11. Nd2 Rc8 12. Nxc6 Bxc6 13. Nf3 Qb6 14. a4 a5 15.
Kh1 Rc7 16. Ne5 Nd7 17. Qf2 Nxe5 18. dxe5 Qxf2 19. Rxf2 Rb8 20. Be3 b5 21. Bc5
Bf8 22. Bxf8 Kxf8 23. axb5 Bxb5 24. Bc2 Bc4 25. Ba4 Rcb7 26. h3 Rxb2 27. Rxb2
Rxb2 28. Bc6 Bd3 29. Rxa5 Be4 30. Kg1 Rxg2+ 31. Kf1 Rc2 32. Ra8+ Kg7 33. Ra7
Rxc3 34. Bd7 Kf8 35. Ra8+ Ke7 36. Bb5 Bd3+ 0-1

[Event "VI Open Basso Veronese"]
[Site "Casaleone ITA"]
[Date "2013.05.19"]
[Round "4"]
[White "Kurylovich, Alena"]
[Black "Mancin, Michele"]
[WhiteElo "1629"]
[BlackElo "1762"]
[Result "0-1"]
[PlyCount "160"]
[EventDate "2013.05.17"]

1. d4 Nf6 2. c4 e6 3. Nc3 Bb4 4. Bd2 b6 5. Rc1 Bb7 6. e3 O-O 7. Nf3 c5 8. a3
Bxc3 9. Bxc3 Ne4 10. Be2 Nxc3 11. Rxc3 Qe7 12. O-O Rd8 13. b4 cxb4 14. axb4
Qxb4 15. Qc2 Qe7 16. Rb1 d6 17. h4 Nd7 18. h5 h6 19. e4 e5 20. d5 Nf6 21. Nh2
Nh7 22. Rg3 Ng5 23. Nf3 Nxf3+ 24. Bxf3 Qc7 25. Qd2 Kh8 26. Be2 Rf8 27. f4 f6
28. f5 Rfc8 29. Rbb3 Qe7 30. Ra3 Rc7 31. Qa2 Bc8 32. Bd1 Bd7 33. Ra6 Rb7 34.
Rb3 Qd8 35. Rb4 Qc7 36. Qf2 Rab8 37. Kh2 Be8 38. Kh3 Kg8 39. Be2 Kf8 40. Rb3
Bf7 41. Kg4 Qc8 42. Qe3 Qe8 43. Kh4 Qc8 44. Rba3 Qc7 45. Ra2 Ra8 46. Qa3 Ke7
47. Qb4 Qc5 48. Qc3 Be8 49. Qg3 Kf8 50. Qd3 Qg1 51. Kg3 Qc1 52. Rd2 Qe1+ 53.
Kg4 Qh1 54. Kg3 Qg1 55. Bd1 Qc5 56. Kg4 Rc8 57. Bb3 Qc7 58. Kh4 Qf7 59. Qf3 Qc7
60. Qe2 Qc5 61. Qd3 Qg1 62. Kg3 Bxh5 63. Rf2 Qc1 64. Rd2 Qe1+ 65. Rf2 Qb4 66.
Rfa2 Qe1+ 67. Kh2 Rcc7 68. Ra1 Qe2 69. Qh3 Be8 70. R6a2 Qxe4 71. Rc1 Bd7 72. g4
Qf4+ 73. Kg2 Qxc1 74. Rc2 Qg5 75. Rf2 Rc5 76. Kg3 Ra5 77. Rf3 Ra3 78. Bd1 Rxf3+
79. Bxf3 Qe3 80. Qf1 e4 0-1

[Event "VI Open Basso Veronese"]
[Site "Casaleone ITA"]
[Date "2013.05.19"]
[Round "4"]
[White "Lovato, Mauro"]
[Black "Solinas, Roberto"]
[WhiteElo "1452"]
[BlackElo "1706"]
[Result "1-0"]
[PlyCount "55"]
[EventDate "2013.05.17"]

1. e4 c6 2. d4 d5 3. e5 Bf5 4. Nf3 h6 5. Be2 e6 6. O-O c5 7. c3 Nc6 8. Be3 Qb6
9. b3 cxd4 10. cxd4 Nge7 11. Nc3 a6 12. Nh4 Bh7 13. f4 Nf5 14. Nxf5 Bxf5 15.
Bd3 Bxd3 16. Qxd3 g6 17. a3 Be7 18. b4 Qc7 19. g4 b5 20. Ne2 Rc8 21. Rac1 h5
22. f5 gxf5 23. gxf5 Rg8+ 24. Kh1 Bg5 25. Rg1 Bxe3 26. Rxg8+ Kd7 27. Rxc8 Qxc8
28. fxe6+ 1-0

[Event "VI Open Basso Veronese"]
[Site "Casaleone ITA"]
[Date "2013.05.19"]
[Round "4"]
[White "Magnabosco, Mauro Denis"]
[Black "Faccia, Sergio"]
[WhiteElo "1782"]
[BlackElo "2032"]
[Result "0-1"]
[PlyCount "76"]
[EventDate "2013.05.17"]

1. c4 Nf6 2. Nf3 d6 3. Nc3 g6 4. g3 Bg7 5. Bg2 e5 6. d3 Nc6 7. Bg5 h6 8. Bxf6
Bxf6 9. Rb1 Be6 10. a3 Qd7 11. b4 O-O 12. O-O Bg7 13. Ne1 Bh3 14. Nd5 Bxg2 15.
Kxg2 Nd4 16. e3 Ne6 17. b5 c6 18. Nc3 d5 19. cxd5 cxd5 20. e4 dxe4 21. dxe4
Rfd8 22. Qxd7 Rxd7 23. Nd5 Nc7 24. Ne3 Rd4 25. f3 Rad8 26. N1c2 Rd2+ 27. Rf2
Rxf2+ 28. Kxf2 Rd2+ 29. Kg1 Bf8 30. b6 axb6 31. Rxb6 Rxc2 32. Rxb7 Bc5 33. a4
Bxe3+ 34. Kh1 Ne6 35. Rb3 Bd4 36. Ra3 Ng5 37. a5 Rc1+ 38. Kg2 Rg1# 0-1

[Event "VI Open Basso Veronese"]
[Site "Casaleone ITA"]
[Date "2013.05.19"]
[Round "4"]
[White "Molinaroli, Giacomo"]
[Black "Fiscato, Claudio"]
[WhiteElo "1897"]
[BlackElo "1793"]
[Result "1-0"]
[PlyCount "123"]
[EventDate "2013.05.17"]

1. e4 b6 2. d4 Bb7 3. Nc3 e6 4. a3 Nf6 5. Bd3 c5 6. Nge2 cxd4 7. Nxd4 Nc6 8.
Nf3 d5 9. e5 Nd7 10. Qe2 a6 11. O-O h6 12. Bf4 Nc5 13. Rad1 Be7 14. b4 Nxd3 15.
Rxd3 b5 16. Rfd1 Rc8 17. Bg3 Na7 18. Qe3 Ra8 19. Nd2 Nc8 20. Nb3 Nb6 21. Na5
Rb8 22. f4 Nc4 23. Nxc4 bxc4 24. R3d2 Qc7 25. Bf2 Bc6 26. Rb1 Qb7 27. Qa7 Qxa7
28. Bxa7 Rb7 29. Be3 O-O 30. Ne2 Ba4 31. Nd4 Bd7 32. c3 f6 33. Nf3 fxe5 34.
Nxe5 Bf6 35. Bd4 Bxe5 36. Bxe5 Ba4 37. Re1 Bd7 38. Re3 Kh7 39. Rg3 Rf7 40. h4
h5 41. Rg5 g6 42. Re2 Rf5 43. Kf2 Rxg5 44. hxg5 Kg8 45. g4 hxg4 46. Kg3 Bc8 47.
Rh2 Rh7 48. Rh6 Bd7 49. Rxg6+ Kf7 50. Rf6+ Ke7 51. Kxg4 Be8 52. g6 Rh8 53. Kg5
Rh3 54. f5 exf5 55. Rxa6 f4 56. Bxf4 Rh1 57. g7 Bf7 58. Ra8 Ra1 59. a4 Rf1 60.
Be3 Rb1 61. b5 Ke6 62. Bd4 1-0

[Event "VI Open Basso Veronese"]
[Site "Casaleone ITA"]
[Date "2013.05.19"]
[Round "4"]
[White "Mulone, Gaspare"]
[Black "Jirillo, Antonio"]
[WhiteElo "1566"]
[BlackElo "1643"]
[Result "1-0"]
[PlyCount "120"]
[EventDate "2013.05.17"]

1. e4 d5 2. exd5 Qxd5 3. Nc3 Qd6 4. d4 Nf6 5. Be2 c6 6. Be3 Nbd7 7. Nf3 g6 8.
Qd2 Nb6 9. Bf4 Qb4 10. O-O-O Na4 11. Nxa4 Qxa4 12. Kb1 Ne4 13. Qe3 Bf5 14. g4
Nxf2 15. gxf5 Nxh1 16. fxg6 hxg6 17. Rxh1 e6 18. Be5 Rh3 19. Qf4 Bh6 20. Ng5 f5
21. Bf6 Bxg5 22. Bxg5 Qb4 23. c3 Rxc3 24. Qe5 Kd7 25. Qg7+ Kc8 26. Qg8+ Kd7 27.
Qf7+ Kc8 28. Qxe6+ Kc7 29. Bd2 Rc1+ 30. Bxc1 Qxd4 31. Rd1 Qe4+ 32. Qxe4 fxe4
33. Bf4+ Kb6 34. Rd7 Re8 35. Kc2 Rh8 36. Rg7 Rh4 37. Bg3 Rh6 38. Bc4 Kc5 39.
Bf7 Kd4 40. Rxg6 Rh7 41. Rd6+ Ke3 42. Bc4 b5 43. Be6 c5 44. Rd5 Re7 45. Re5 Kd4
46. Kd2 e3+ 47. Ke2 c4 48. Rd5+ Ke4 49. Rd6 a5 50. Bd7 b4 51. Re6+ Rxe6 52.
Bxe6 c3 53. bxc3 bxc3 54. Bb3 Kd4 55. h4 a4 56. Bxa4 Kd5 57. Bb3+ Kc5 58. Kxe3
Kb4 59. h5 Ka3 60. Kd3 Kb2 1-0

[Event "VI Open Basso Veronese"]
[Site "Casaleone ITA"]
[Date "2013.05.19"]
[Round "4"]
[White "Negro, Raffaele"]
[Black "Brunelli, Giovanni"]
[WhiteElo "1838"]
[BlackElo "1968"]
[Result "0-1"]
[PlyCount "44"]
[EventDate "2013.05.17"]

1. d4 f5 2. Nf3 Nf6 3. Bf4 d6 4. h3 g6 5. e3 Bg7 6. Bc4 d5 7. Bb3 O-O 8. c4 e6
9. Nc3 c6 10. Qe2 Nbd7 11. g4 Nb6 12. c5 Nbd7 13. Ba4 Ne4 14. Nxe4 fxe4 15. Nd2
e5 16. dxe5 Bxe5 17. Bxe5 Nxe5 18. Bc2 Qa5 19. O-O Qxc5 20. Bb3 Qe7 21. Nxe4
Nf3+ 22. Kg2 Qxe4 0-1

[Event "VI Open Basso Veronese"]
[Site "Casaleone ITA"]
[Date "2013.05.19"]
[Round "4"]
[White "Paler, Adrian"]
[Black "Zanchetta, Nicola"]
[WhiteElo "1974"]
[BlackElo "1894"]
[Result "1-0"]
[PlyCount "119"]
[EventDate "2013.05.17"]

1. e4 c5 2. Nc3 Nc6 3. g3 g6 4. Bg2 Bg7 5. d3 d6 6. Be3 h5 7. h3 h4 8. g4 Bd4
9. Qd2 Bxe3 10. fxe3 e5 11. Nf3 Qa5 12. a3 Nge7 13. Qf2 d5 14. O-O d4 15. exd4
cxd4 16. Nd5 Be6 17. b4 Qd8 18. Nf6+ Kf8 19. b5 Nb8 20. Nxe5 Kg7 21. g5 a6 22.
Nf3 axb5 23. Nxd4 b4 24. Nxe6+ fxe6 25. Nd7 Nf5 26. Nxb8 Rxb8 27. exf5 Qxg5 28.
fxe6 Rhf8 29. Qd4+ Kh6 30. axb4 Rbd8 31. Qc5 Rf5 32. Rxf5 gxf5 33. Rf1 Rg8 34.
Qf2 Rg6 35. Qf4 Rxe6 36. Qxg5+ Kxg5 37. Bxb7 Rb6 38. Bc8 f4 39. Bg4 Rxb4 40.
Rf2 Rb2 41. d4 f3 42. Bxf3 Kf4 43. Kg2 Ke3 44. d5 Rb7 45. Bg4 Rb6 46. c4 Kd4
47. Rc2 Kc5 48. Kf3 Rf6+ 49. Ke4 Rf1 50. Ke5 Re1+ 51. Kf6 Re4 52. Kg5 Rd4 53.
Kxh4 Kd6 54. Kg5 Ke7 55. Be6 Kf8 56. c5 Kg7 57. c6 Ra4 58. c7 Ra5 59. c8=Q
Rxd5+ 60. Bxd5 1-0

[Event "VI Open Basso Veronese"]
[Site "Casaleone ITA"]
[Date "2013.05.19"]
[Round "4"]
[White "Pisani, Valerio"]
[Black "De Paoli, Emilio"]
[WhiteElo "1721"]
[BlackElo "1849"]
[Result "1-0"]
[PlyCount "117"]
[EventDate "2013.05.17"]

1. Nc3 d5 2. e4 d4 3. Nce2 Nf6 4. Ng3 g6 5. Bc4 Be6 6. Bxe6 fxe6 7. e5 Nd5 8.
d3 Nc6 9. f4 Bh6 10. Nh3 Ne3 11. Bxe3 dxe3 12. c3 Qd5 13. Qe2 O-O-O 14. d4 Rhf8
15. O-O a5 16. Qxe3 b6 17. Ne4 a4 18. Nd2 Na5 19. Rfb1 Nc4 20. Nxc4 Qxc4 21. b3
Qc6 22. bxa4 Qxa4 23. Rb2 Kb7 24. Qe4+ Qc6 25. Qxc6+ Kxc6 26. g3 Ra8 27. Nf2
Ra3 28. Rc2 Rfa8 29. Ng4 Bg7 30. Ne3 h6 31. h4 Rg8 32. Kf2 Raa8 33. c4 Kb7 34.
c5 b5 35. c6+ Kb6 36. Ke2 Ra4 37. d5 g5 38. dxe6 gxf4 39. gxf4 Bh8 40. Nd5+ Ka5
41. Kf3 Ra3+ 42. Ke4 Rh3 43. a4 b4 44. Rc5+ Ka6 45. Nxb4+ Ka7 46. Ra5+ Kb6 47.
Rb5+ Ka7 48. Rb7+ Ka8 49. Na6 Rc8 50. Nxc7+ Rxc7 51. Rxc7 Kb8 52. Rxe7 Rc3 53.
Rb1+ Kc8 54. Re8+ Kc7 55. Rxh8 h5 56. e7 Rc4+ 57. Kd5 Rc5+ 58. Kd4 Rd5+ 59. Ke3
1-0

[Event "VI Open Basso Veronese"]
[Site "Casaleone ITA"]
[Date "2013.05.19"]
[Round "4"]
[White "Sprea, Giuseppe"]
[Black "Belloni, Umberto"]
[WhiteElo "1940"]
[BlackElo "1814"]
[Result "0-1"]
[PlyCount "150"]
[EventDate "2013.05.17"]

1. d4 d5 2. c4 c6 3. Nf3 e6 4. e3 Bd6 5. b3 f5 6. Bd3 Nd7 7. Bb2 Qf6 8. Qc1 Ne7
9. Nbd2 a6 10. a4 O-O 11. Qc3 a5 12. g3 Bb4 13. Qc2 b6 14. O-O Ba6 15. Nb1 Rac8
16. Qe2 Rc7 17. Nc3 Bxc3 18. Bxc3 Rfc8 19. Rfc1 g5 20. Bb2 g4 21. Nh4 Ng6 22.
Ng2 h5 23. cxd5 Bxd3 24. Qxd3 exd5 25. Rc2 h4 26. Rac1 Qe6 27. Qa6 h3 28. Ne1
Nh8 29. Ba3 Nf7 30. Qd3 Ng5 31. b4 axb4 32. Bxb4 c5 33. dxc5 bxc5 34. Bc3 Qe4
35. Qxe4 fxe4 36. Kf1 Kf7 37. Ke2 Ke6 38. Kd2 Nf7 39. Rb1 Nd6 40. Ra2 Ra7 41.
Rba1 Nc4+ 42. Ke2 Na5 43. Rb1 Nc6 44. Nc2 Rb8 45. Rxb8 Ndxb8 46. Kd2 Na6 47.
Rb2 Kd6 48. Ke2 Ra8 49. Kd2 Rb8 50. Rxb8 Naxb8 51. Kc1 Na6 52. Kb2 Nc7 53. Kc1
Ne6 54. Kd2 d4 55. exd4 cxd4 56. Bb4+ Nxb4 57. Nxb4 Kc5 58. Nc2 Ng5 59. Ne1 Kb4
60. Nc2+ Kc5 61. Ne1 Kb6 62. Kc2 Ka5 63. Kb3 d3 64. Kc3 Kxa4 65. Nxd3 exd3 66.
f4 gxf3 67. Kxd3 Kb4 68. Ke3 Kc4 69. g4 Kd5 70. Kf2 Ke4 71. Kg1 Kf4 72. Kf2
Ne4+ 73. Kf1 Kxg4 74. Kg1 Kf4 75. Kf1 Ke3 0-1

[Event "VI Open Basso Veronese"]
[Site "Casaleone ITA"]
[Date "2013.05.19"]
[Round "4"]
[White "Xia, Jie"]
[Black "Bonini, Roberto"]
[WhiteElo "2275"]
[BlackElo "1866"]
[Result "1-0"]
[PlyCount "79"]
[EventDate "2013.05.17"]

1. e4 c6 2. d4 d5 3. Nc3 Nf6 4. e5 Ng8 5. f4 e6 6. Nf3 Nd7 7. Ne2 c5 8. c3 Ne7
9. dxc5 Nxc5 10. Ned4 Nc6 11. Be2 Be7 12. O-O a6 13. Be3 O-O 14. Bd3 Nxd3 15.
Qxd3 h6 16. Rad1 Bc5 17. Kh1 Bxd4 18. Nxd4 Nxd4 19. Bxd4 Bd7 20. Rf3 a5 21. Rg3
Qc7 22. Qd2 Kh7 23. f5 Rg8 24. Rh3 g5 25. f6 Rg6 26. Rh5 Rh8 27. g4 Qc4 28. b3
Qc7 29. Kg2 a4 30. Rh1 Bc6 31. Qe3 b5 32. h4 gxh4 33. R1xh4 Kg8 34. g5 b4 35.
Rxh6 Rhxh6 36. Rxh6 Kf8 37. Rh8+ Rg8 38. Qh3 Ke8 39. Rxg8+ Kd7 40. Qh7 1-0

[Event "VI Open Basso Veronese"]
[Site "Casaleone ITA"]
[Date "2013.05.19"]
[Round "4"]
[White "Zanini, Andrea"]
[Black "Zanin, Luca"]
[WhiteElo "1669"]
[BlackElo "1655"]
[Result "1/2-1/2"]
[PlyCount "54"]
[EventDate "2013.05.17"]

1. b3 Nf6 2. Bb2 e6 3. e3 d5 4. Nf3 Be7 5. c4 O-O 6. cxd5 exd5 7. Be2 Nbd7 8.
O-O b6 9. d3 Bb7 10. Nbd2 Rc8 11. Rc1 Bd6 12. Nd4 c5 13. Nf5 Bb8 14. h4 Be5 15.
d4 cxd4 16. Rxc8 Bxc8 17. exd4 Bf4 18. Ba3 Re8 19. Bd6 Bxd6 20. Nxd6 Re6 21.
Nf5 Nb8 22. Ne3 Bb7 23. Bg4 Nxg4 24. Qxg4 Rg6 25. Qf4 Rf6 26. Qg3 Rg6 27. Qe5
Re6 1/2-1/2

[Event "VI Open Basso Veronese"]
[Site "Casaleone ITA"]
[Date "2013.05.19"]
[Round "5"]
[White "Belloni, Umberto"]
[Black "Adami, Antonio"]
[WhiteElo "1814"]
[BlackElo "1748"]
[Result "1-0"]
[PlyCount "87"]
[EventDate "2013.05.17"]

1. d4 f5 2. c3 Nf6 3. Bg5 e6 4. g3 Be7 5. Bg2 c6 6. Nd2 O-O 7. e4 Ng4 8. Bxe7
Qxe7 9. Qc2 b6 10. exf5 Ba6 11. c4 Nh6 12. fxe6 Nf5 13. Ngf3 Re8 14. O-O d5 15.
b3 Nd7 16. Rfe1 Qf6 17. Qd3 Rxe6 18. Rxe6 Qxe6 19. Bh3 g6 20. Re1 Qf6 21. Nh4
Rf8 22. Nxf5 gxf5 23. Qe3 Rf7 24. Qe6 Qxd4 25. Nf3 Qf6 26. cxd5 cxd5 27. Qxd5
Nc5 28. Ne5 Bb7 29. Qxf7+ Qxf7 30. Nxf7 Kxf7 31. Bxf5 h6 32. Bc2 Ne6 33. Be4
Ba6 34. Bd5 Bc8 35. f4 Kf6 36. Bxe6 Bxe6 37. Rxe6+ Kxe6 38. Kf2 Kf5 39. Ke3 h5
40. h3 a6 41. Kf3 a5 42. g4+ hxg4+ 43. hxg4+ Kf6 44. Ke4 1-0

[Event "VI Open Basso Veronese"]
[Site "Casaleone ITA"]
[Date "2013.05.19"]
[Round "5"]
[White "Bonini, Roberto"]
[Black "Magnabosco, Mauro Denis"]
[WhiteElo "1866"]
[BlackElo "1782"]
[Result "1/2-1/2"]
[PlyCount "128"]
[EventDate "2013.05.17"]

1. e4 c5 2. Nf3 e6 3. d4 cxd4 4. Nxd4 a6 5. Bd3 Qc7 6. O-O Nf6 7. Be3 Nc6 8.
Nd2 d5 9. exd5 Nxd5 10. Nxc6 Nxe3 11. fxe3 Qxc6 12. Qf3 Qxf3 13. Rxf3 Bc5 14.
Ne4 Be7 15. h4 b6 16. Raf1 O-O 17. Ng5 Bxg5 18. hxg5 Bb7 19. Rh3 g6 20. Rf4 Kg7
21. Rfh4 Rh8 22. Kf2 Rad8 23. Rd4 b5 24. Rhh4 e5 25. Rxd8 Rxd8 26. Ke2 Rd7 27.
a4 Bc6 28. axb5 axb5 29. g3 f5 30. gxf6+ Kxf6 31. Rb4 Rb7 32. Be4 Bxe4 33. Rxe4
b4 34. Kd3 Kf5 35. Rh4 g5 36. e4+ Kg6 37. Rh2 Rd7+ 38. Ke3 h5 39. Rh1 Rc7 40.
Rh2 Rc6 41. Kd2 Rd6+ 42. Kc1 Rd4 43. Re2 h4 44. g4 h3 45. c3 h2 46. Rxh2 bxc3
47. bxc3 Rxe4 48. Rg2 Kf6 49. Kc2 Ke6 50. Kd3 Rf4 51. c4 Kd6 52. Re2 Rd4+ 53.
Kc3 Rxg4 54. c5+ Kd5 55. Kb3 Kxc5 56. Rxe5+ Kd6 57. Re8 Kd5 58. Kc3 Re4 59. Rg8
g4 60. Kd3 Ra4 61. Ke3 Ke5 62. Re8+ Kf6 63. Rg8 Kf5 64. Kf2 Ra6 1/2-1/2

[Event "VI Open Basso Veronese"]
[Site "Casaleone ITA"]
[Date "2013.05.19"]
[Round "5"]
[White "Brunelli, Flavio"]
[Black "Kurylovich, Alena"]
[WhiteElo "1755"]
[BlackElo "1629"]
[Result "1-0"]
[PlyCount "163"]
[EventDate "2013.05.17"]

1. e4 c5 2. Nf3 e6 3. d4 cxd4 4. Nxd4 a6 5. Be3 Qc7 6. c3 Nf6 7. Bd3 d5 8. Nd2
Bd6 9. Qf3 Nbd7 10. Qe2 Nc5 11. exd5 Nxd3+ 12. Qxd3 Nxd5 13. O-O-O Bd7 14. Kb1
b5 15. Ne4 Be7 16. Bd2 a5 17. Nxb5 Qc6 18. a4 O-O 19. f3 Rab8 20. c4 Nb6 21. b3
f5 22. Nf2 Ra8 23. Rhe1 Rad8 24. Bxa5 Be8 25. Qc2 Bg6 26. f4 Bf7 27. Nd3 Bf6
28. Ne5 Bxe5 29. Rxe5 Rxd1+ 30. Qxd1 Nd7 31. Re3 Nf6 32. Qc2 Qc5 33. Re5 Qg1+
34. Kb2 Qxh2 35. Qf2 Ng4 36. Qe2 Nxe5 37. fxe5 Bh5 38. Qd2 Qxe5+ 39. Bc3 Qg3
40. Bb4 Re8 41. Bd6 Qg6 42. Be5 h6 43. Ka3 Rf8 44. g3 Bf3 45. Qd6 h5 46. Nd4
Be4 47. Nxe6 Re8 48. Nd4 Qxd6+ 49. Bxd6 g5 50. c5 Kf7 51. b4 h4 52. gxh4 gxh4
53. Ne2 Bc2 54. Nc3 Re3 55. Kb2 Be4 56. b5 h3 57. c6 Ke8 58. a5 Rd3 59. Be5 Kd8
60. a6 Bxc6 61. bxc6 h2 62. a7 h1=Q 63. a8=Q+ Ke7 64. Qa3+ Ke6 65. Qb3+ Kxe5
66. Qb5+ Kd4 67. Qb4+ Ke3 68. Qc5+ Rd4 69. c7 Qg2+ 70. Kb3 Qb7+ 71. Nb5 Qd5+
72. Qxd5 Rxd5 73. c8=Q Rxb5+ 74. Kc4 Rb1 75. Qxf5 Rc1+ 76. Kb3 Rd1 77. Qe5+ Kd2
78. Kb2 Re1 79. Qf4+ Re3 80. Qd4+ Ke2 81. Kc1 Kf2 82. Kd2 1-0

[Event "VI Open Basso Veronese"]
[Site "Casaleone ITA"]
[Date "2013.05.19"]
[Round "5"]
[White "Brunelli, Giovanni"]
[Black "Xia, Jie"]
[WhiteElo "1968"]
[BlackElo "2275"]
[Result "0-1"]
[PlyCount "60"]
[EventDate "2013.05.17"]

1. e4 c5 2. Nf3 d6 3. d4 cxd4 4. Nxd4 Nf6 5. Nc3 g6 6. Be3 Bg7 7. f3 O-O 8. Qd2
Nc6 9. Bc4 Bd7 10. O-O-O Rc8 11. Bb3 Nxd4 12. Bxd4 b5 13. h4 a5 14. h5 a4 15.
hxg6 axb3 16. Rxh7 fxg6 17. Bxf6 Rxf6 18. Rdh1 Be6 19. e5 Rf7 20. Qg5 Bf5 21.
e6 bxa2 22. exf7+ Kxf7 23. Rxg7+ Kxg7 24. Kd2 Qc7 25. g4 Rh8 26. Rxh8 Kxh8 27.
Nxa2 Qxc2+ 28. Ke3 Qc5+ 29. Kd2 Qf2+ 30. Kd1 Qxf3+ 0-1